Đồ án môn học thiết kế hộp số chính ô tô - máy kéo
محفوظ في:
| المؤلف الرئيسي: | |
|---|---|
| التنسيق: | كتاب |
| اللغة: | Undetermined |
| منشور في: |
Hà Nội
Trường Đại học Bách khoa Hà Nội
1993
|
| الموضوعات: | |
| الوسوم: |
إضافة وسم
لا توجد وسوم, كن أول من يضع وسما على هذه التسجيلة!
|
| Thư viện lưu trữ: | Trung tâm Học liệu Trường Đại học Cần Thơ |
|---|
| LEADER | 00597nam a2200181Ia 4500 | ||
|---|---|---|---|
| 001 | CTU_35402 | ||
| 008 | 210402s9999 xx 000 0 und d | ||
| 082 | |a 621.838 | ||
| 082 | |b T103/P.1 | ||
| 100 | |a Nguyễn, Văn Tài | ||
| 245 | 0 | |a Đồ án môn học thiết kế hộp số chính ô tô - máy kéo | |
| 245 | 0 | |c Nguyễn Văn Tài | |
| 260 | |a Hà Nội | ||
| 260 | |b Trường Đại học Bách khoa Hà Nội | ||
| 260 | |c 1993 | ||
| 650 | |a Machine parts | ||
| 904 | |i T.Trang (sửa) | ||
| 980 | |a Trung tâm Học liệu Trường Đại học Cần Thơ | ||